01053nam a22002772 450000100060000000300080000600500170001400800410003103500190007204000230009104100080011408200210012210000410014324501040018426000720028830000520036049000370041250400190044965000220046870000400049070000530053083000420058394200120062599900170063795201210065414748BD-RJUL20211208235702.0800613s1940 paua b 000 0 eng  a(BD-RJUL)14802 aDLCcTXAdEQObeng aeng a636.08bCOL 19401 aCoffey, Joel Simmonds,d1884-94594510aLivestock management /c[by] Joel S. Coffey ... [and] Lyman E. Jackson ... edited by R. W. Gregory. aPhiladelphia ;aChicago [etc.] :bJ.B. Lippincott Company,c[c1940] axi, 500 p. :c22 cm.billus., tables, diagrs. ;1 a[Agricultural management series] aIncludes index 0aLivestock.9459461 aJackson, Lyman Edson,d1897-9459471 aGregory, R. W.q(Raymond William),d1893-945948 0aAgricultural management series945950 2ddccBK c14748d14748 00102ddc40718NFICaRUCLbRUCLcReadingd2014-02-08l0o636.08 COL 1940r2014-02-08 00:00:00tC-1w2014-02-08yBK